000 00342nam a22001337a 4500
008 160524b xxu||||| |||| 00| 0 eng d
020 _a9780781775588
020 _a0781775582
020 _a9780781775588
041 _aeng
080 _a618.2
245 _aUnderstanding nursing research:
_cCorol L. Macnee and Susan McCabe;
942 _2udc
_cBK
999 _c2419
_d2419